000 00325nam a22001337a 4500
008 170919b xxu||||| |||| 00| 0 eng d
020 _a0962106119
041 _aeng
080 _a7
100 _a44
101 _aART
245 _aMASTERWORKS OF MING AND QING PAINTING FROM THE FORBIDDEN CITY
_cROGERS, H
942 _2udc
_cBK
999 _c28136
_d28136